En torno a la crisis política centroamericana (comentario al trabajo de Edelberto Torres Rivas, del mismo título)

Guardado en:
書目詳細資料
主要作者: Jiménez Veiga, Danilo
格式: Texto
出版: México D.F.: Siglo XXI
標簽: 添加標簽
沒有標簽, 成為第一個標記此記錄!

MARC

LEADER 00000 a a2200000 04500
001 22523
003
040 |a CRAI/IIS  |c CRAI/IIS 
090 |a 153400  
100 |a Jiménez Veiga, Danilo  
245 |a En torno a la crisis política centroamericana (comentario al trabajo de Edelberto Torres Rivas, del mismo título)  
260 |a México D.F.:   |b Siglo XXI  
300 |a pp. 77-83  
999 |c 7117  |d 7117